Zen Buddhism

Bibliographic Details
Main Author: Suzuki, Daisetz Teitaro
Format: Book
Published: New Delhi : Aryan Books International , 1996
Series:The Masterpiece library of Buddhism 10
Subjects:

MARC

LEADER 00000cam a2200000 7i4500
001 0000039514
005 20131231.0
008 131231
020 |a 8173051054 
090 0 0 |a 294.3   |b SUZ 
100 1 |a Suzuki, Daisetz Teitaro 
245 1 0 |a Zen Buddhism   |c Daisetz Teitaro Suzuki 
260 |a New Delhi :   |b Aryan Books International ,   |c 1996 
440 |a The Masterpiece library of Buddhism 10 
650 0 |a Buddhism   |x Doctrines 
650 0 |a Buddhism   |x History 
650 0 |a Buddhism   |x Law 
650 0 |a Buddhism   |x Life experince 
650 0 |a Buddhism   |x Player 
650 0 |a Buddhism   |z Tibet 
999 |a 0001257924   |b Book   |c Adult Collection   |e Perbadanan Perpustakaan Awam Johor